Informe dado al Consejo por la Real Academia de la Historia en 10 de junio de 1783 sobre la disciplina eclesiástica antigua y moderna relativa al lugar de las sepulturas. (Registro nro. 163039)

Detalles MARC
000 -LEADER
campo de control de longitud fija 01585nam a2200325 i 4500
001 - NÚMERO DE CONTROL
campo de control 163039
003 - IDENTIFICADOR DE NÚMERO DE CONTROL
campo de control ES-MaACL
005 - FECHA Y HORA DE LA ÚLTIMA TRANSACCIÓN
campo de control 20251015150312.0
008 - DATOS DE LONGITUD FIJA--INFORMACIÓN GENERAL
campo de control de longitud fija 931025s1786 sp a |||| | spa d
080 ## - NÚMERO DE LA CLASIFICACIÓN DECIMAL UNIVERSAL
Número de la Clasificación Decimal Universal 614
110 2# - ENTRADA PRINCIPAL--NOMBRE DE ENTIDAD CORPORATIVA
Nombre de entidad corporativa o nombre de jurisdicción como elemento de entrada Real Academia de la Historia (España)
9 (RLIN) 6309
245 10 - MENCIÓN DEL TÍTULO
Título Informe dado al Consejo por la Real Academia de la Historia en 10 de junio de 1783 sobre la disciplina eclesiástica antigua y moderna relativa al lugar de las sepulturas.
260 ## - PUBLICACIÓN, DISTRIBUCIÓN, ETC.
Lugar de publicación, distribución, etc. En Madrid :
Nombre del editor, distribuidor, etc. en la oficina de Antonio de Sancha, impresor de la Academia,
Fecha de publicación, distribución, etc. 1786.
300 ## - DESCRIPCIÓN FÍSICA
Extensión [2], LXI, [1] en bl., [1], [1] en bl., 103, [1], VIII p., [3] h. de lám. pleg. ;
Dimensiones 8º (19 cm)
530 ## - NOTA DISPONIBLE DE FORMULARIO FÍSICO ADICIONAL
Nota de formato físico adicional disponible Disponible en formato digital.
593 ## -
-- Obra atribuida a Jovellanos y a Mateos Murillo, por Aguilar Piñal.
597 ## - NOTA DE DESCRIPCIÓN FÍSICA
NOTA DE DESCRIPCIÓN FÍSICA Sign.: a-d8, A-F8, G.
597 ## - NOTA DE DESCRIPCIÓN FÍSICA
NOTA DE DESCRIPCIÓN FÍSICA Portada con emblema xilográfico de la Real Academia.
599 ## - NOTA A LAS ILUSTRACIONES
NOTA A LAS ILUSTRACIONES Lám.: grab. calc.: "Delineado por Dámaso Santos Martínez. Grabado por Manuel Rodz"
650 #4 - PUNTO DE ACCESO ADICIONAL DE MATERIA--TÉRMINO DE MATERIA
Término de materia o nombre geográfico como elemento de entrada Cementerios-
Subdivisión geográfica España.
9 (RLIN) 135747
650 #4 - PUNTO DE ACCESO ADICIONAL DE MATERIA--TÉRMINO DE MATERIA
Término de materia o nombre geográfico como elemento de entrada Salud pública-
Subdivisión geográfica España-
Subdivisión cronológica S.XVIII.
9 (RLIN) 16975
700 1# - ENTRADA AGREGADA--NOMBRE PERSONAL
Nombre de persona Jovellanos, Gaspar Melchor de,
Fechas asociadas al nombre 1744-1811
9 (RLIN) 222580
700 1# - ENTRADA AGREGADA--NOMBRE PERSONAL
Nombre de persona Mateos Murillo, Antonio.
9 (RLIN) 151178
700 1# - ENTRADA AGREGADA--NOMBRE PERSONAL
Nombre de persona Santos Martínez, Dámaso,
Fechas asociadas al nombre fl. 1786
9 (RLIN) 151179
700 1# - ENTRADA AGREGADA--NOMBRE PERSONAL
Nombre de persona Rodríguez, Manuel Mariano,
Fechas asociadas al nombre 1729-1802
9 (RLIN) 151180
852 4# - LOCALIZACIÓN
Ubicación ES-MaACL
Número de control de estantería R-382
Nota libre - Enc. hol.
Encuadernación Olim: C-3434
852 4# - LOCALIZACIÓN
Ubicación ES-MaACL
Número de control de estantería T-5-F-4
856 4# - LOCALIZACIÓN Y ACCESO ELECTRÓNICOS
Identificador Uniforme de Recursos <a href="http://bdh-rd.bne.es/viewer.vm?id=0000079551&page=1 ">http://bdh-rd.bne.es/viewer.vm?id=0000079551&page=1 </a>
Nota pública Biblioteca Digital Hispánica
Existencias
Estatus retirado Estado de pérdida Estado de daño No para préstamo Colección Biblioteca de origen Biblioteca actual Ubicación en estantería Fecha de adquisición Fuente de adquisición Total de préstamos Signatura topográfica completa Código de barras Visto por última vez Precio de reemplazo Tipo de ítem Koha
        Colección de folletos Biblioteca del Ateneo de Madrid Biblioteca del Ateneo de Madrid Depósito folletos 27/07/2012     T-5-F-4 1190064 23/02/2023 23/02/2023 Folleto
        Colección digital Biblioteca del Ateneo de Madrid Biblioteca del Ateneo de Madrid Depósito 17/01/2008     R-382 1170827 23/02/2023 23/02/2023 Libro impreso antiguo